Eastern Utah Libraries Catalog: Duchesne, Heber, Roosevelt, & Vernal

The art of discarding : (Record no. 300651)

MARC details
000 -LEADER
fixed length control field 02209nam a22003135i 4500
005 - DATE AND TIME OF LATEST TRANSACTION
control field 20200320203841.0
008 - FIXED-LENGTH DATA ELEMENTS--GENERAL INFORMATION
fixed length control field 170104s2017 nyu 000 0 eng
020 ## - INTERNATIONAL STANDARD BOOK NUMBER
International Standard Book Number 9780316558921 (paper over board)
Terms of availability [
-- 5.99]
040 ## - CATALOGING SOURCE
Original cataloging agency DLC
Language of cataloging eng
Description conventions rda
Transcribing agency DLC
Modifying agency MMLLC
082 04 - DEWEY DECIMAL CLASSIFICATION NUMBER
Classification number 648/.5
Edition number 23
100 1# - MAIN ENTRY--PERSONAL NAME
Personal name Tatsumi, Nagisa.
9 (RLIN) 5941765
245 14 - TITLE STATEMENT
Title The art of discarding :
Remainder of title how to get rid of clutter and find joy /
Statement of responsibility, etc Nagisa Tatsumi.
250 ## - EDITION STATEMENT
Edition statement 1st edition.
264 #1 - Production, Publication, Distribution, Manufacture, and Copyright Notice.
Place of production, publication, distribution, manufacture New York, NY :
Name of producer, publisher, distributor, manufacturer Hachette Books,
Date of production, publication, distribution, manufacture, or copyr 2017.
264 #2 - Production, Publication, Distribution, Manufacture, and Copyright Notice.
Place of production, publication, distribution, manufacture Old Saybrook, Connecticut :
Name of producer, publisher, distributor, manufacturer www.micromarketing.org
300 ## - PHYSICAL DESCRIPTION
Extent [T/K pages;
Dimensions T/K cm.?]
336 ## - Content Type
Content type term text
337 ## - Media type
Media type term unmediated
338 ## - Carrier type
Carrier type term volume
520 ## - SUMMARY, ETC.
Summary, etc "The book that inspired Marie Kondo's The Life Changing Magic of Tidying Up, Nagisa Tatsumi's international bestseller offers a practical plan to figure out what to keep and what to discard so you can get - and stay - tidy, once and for all. Practical and inspiring, The Art of Discarding (the book that originally inspired a young Marie Kondo to start cleaning up her closets) offers hands-on advice and easy-to-follow guidelines to help readers learn how to finally let go of stuff that is holding them back--as well as sage advice on acquiring less in the first place. Author Nagisa Tatsumi urges us to reflect on our attitude to possessing things and to have the courage and conviction to get rid of all the stuff we really don't need, offering advice on how to tackle the things that pile up at home and take back control. By learning the art of discarding you will gain space, free yourself from "accumulation syndrome," and find new joy and purpose in your clutter-free life."--provided by the publisher.
588 ## -
-- Title and description based on researched data; resource not viewed.
650 #0 - SUBJECT ADDED ENTRY--TOPICAL TERM
Topical term or geographic name as entry element House cleaning.
9 (RLIN) 5941766
650 #0 - SUBJECT ADDED ENTRY--TOPICAL TERM
Topical term or geographic name as entry element Orderliness.
9 (RLIN) 5941767
650 #7 - SUBJECT ADDED ENTRY--TOPICAL TERM
Topical term or geographic name as entry element HOUSE & HOME / Cleaning & Caretaking
Source of heading or term bisacsh.
9 (RLIN) 5767769
942 ## - ADDED ENTRY ELEMENTS (KOHA)
Koha item type BOOK
948 ## - LOCAL PROCESSING INFORMATION (OCLC); SERIES PART DESIGNATOR (RLIN)
Series part designator, SPT (RLIN) 05/02/2017
z (OCLC) Sirsi
949 ## - LOCAL PROCESSING INFORMATION (OCLC)
b www.MicroMarketing.org 800-229-9887
996 ## -
-- 140242
-- 34301001495268
-- NF
-- bk
-- wcl
-- o
-- 16
-- 15.99
-- micro
-- 648 Tat
-- 05/02/2017
-- 12/18/2019
-- 02/07/2020
Holdings
Withdrawn status Lost status Source of classification or shelving scheme Damaged status Not for loan Collection code Home library Current library Shelving location Date acquired Source of acquisition Cost, normal purchase price Total Checkouts Total Renewals Full call number Barcode Date last seen Date checked out Cost, replacement price Price effective from Koha item type
  Missing Dewey Decimal Classification     General NonFiction Wasatch County Library Wasatch County Library Second Floor 05/02/2017   15.99 21 5 648 Tat 34301001495268 05/23/2023 05/10/2023 15.99 03/20/2020 BOOK
This project was made possible through a grant from the Institute of Museum and Library Service administered by the Utah State Library Division.

Wasatch County Library

  • 465 East 1200 South, Heber City, Utah 84032
  • Phone 435-654-1511 | Fax 435-654-6456

Hours

  • Monday - Friday 9:30 AM - 8:00 PM
  • Saturday 9:30 AM - 1:30 PM
  • Closed Sundays and Holidays